| 000 | 00443nam a22001697a 4500 | ||
|---|---|---|---|
| 005 | 20251208120521.0 | ||
| 008 | 251208b |||||||| |||| 00| 0 eng d | ||
| 037 | _cTB | ||
| 040 |
_aAL _cAL |
||
| 041 |
_2ENG _aENG |
||
| 100 |
_aPottier, Claude _9855167 |
||
| 245 | _aLa logique du fenancement public | ||
| 260 | _c1975. | ||
| 300 | _a280p. | ||
| 942 |
_2CC _cTB _n0 |
||
| 999 |
_c1466022 _d1466022 |
||